LEADER 01399nam0 2200313 i 450 001 SUN0016906 005 20070913120000.0 010 $a88-317-6212-5 100 $a20040528d1995 |0itac50 ba 101 $aita 102 $aIT 105 $a|||| ||||| 200 1 $aˆL'‰architettura veneziana del primo Rinascimento$fJohn McAndrew$ga cura di Massimo Bulgarelli 205 $a2. ed. riv. e corr 210 $aVenezia$cMarsilio$d1995 215 $aXV, 493 p., [66] c. di tav.$cill.$d22 cm. - Trad. di Fabio Barzelato, Valeria Marchionne, Carla Martini, rev. di M. Bulgarelli. 454 1$1001SUN0077867$12001 $aVenetian architecture of the early Renaissance.$933181 606 $aArchitettura$xVenezia$x1450-1525$2FI$3SUNC008539 620 $dVenezia$3SUNL000080 676 $a720.945311$v21 700 1$aMcAndrew$b, John$3SUNV012724$036953 702 1$aBulgarelli$b, Massimo$3SUNV012725 712 $aMarsilio$3SUNV000306$4650 801 $aIT$bSOL$c20181109$gRICA 912 $aSUN0016906 950 $aBIBLIOTECA DEL DIPARTIMENTO DI ARCHITETTURA E DISEGNO INDUSTRIALE$d01 PREST IBa74(15) $e01 3091 995 $aBIBLIOTECA DEL DIPARTIMENTO DI ARCHITETTURA E DISEGNO INDUSTRIALE$bIT-CE0107$h3091$kPREST IBa74(15)$op$qa 996 $aVenetian architecture of the early Renaissance$933181 997 $aUNICAMPANIA LEADER 01096nam a2200325 i 4500 001 991000828209707536 005 20020507102005.0 008 951019s1964 us ||| | eng 035 $ab10135327-39ule_inst 035 $aLE00637520$9ExL 040 $aDip.to Fisica$bita 084 $a53.1.4 084 $a53.5.23 084 $a53.5.44 084 $a530.1 084 $aQC174 100 1 $aRuark, A.$0461206 245 10$aAtoms, molecules and quanta /$cA. Ruark, H. Urey 250 $a2nd ed. 260 $aNew York :$bDover Publications, Inc.,$c1964 300 $a2 v. :$bill. ;$c22 cm. 650 4$aQuantum theory 700 1 $aUrey, H. 907 $a.b10135327$b21-09-06$c27-06-02 912 $a991000828209707536 945 $aLE006 53.5 RUA$cV. 2$g1$i2006000065252$lle006$o-$pE0.00$q-$rl$s- $t0$u0$v0$w0$x0$y.i10159435$z27-06-02 945 $aLE006 53.5 RUA$cV. 1$g1$i2006000065269$lle006$o-$pE0.00$q-$rl$s- $t0$u0$v0$w0$x0$y.i10159447$z27-06-02 996 $aAtoms, molecules and quanta$9185378 997 $aUNISALENTO 998 $ale006$b01-01-95$cm$da $e-$feng$gus $h0$i2